[Event "ch-FRA w"]
[Site "Val d'Isere FRA"]
[Date "2002.08.21"]
[EventDate "2002.08.19"]
[Round "3"]
[Result "1/2-1/2"]
[White "Sophie Milliet"]
[Black "Marie Sebag"]
[WhiteElo "2173"]
[BlackElo "2344"]
[PlyCount "138"]

1.e4 c5 2.f4 d5 3.exd5 Nf6 4.Bb5+ Bd7 5.Bxd7+ Qxd7 6.c4 e6
7.Qe2 Bd6 8.d3 O-O 9.dxe6 Qxe6 10.Qxe6 fxe6 11.Nf3 Nc6 12.O-O
Nb4 13.Nc3 Rad8 14.Ng5 Rfe8 15.Nce4 Nxd3 16.Rd1 Bf8 17.Rb1
Nxe4 18.Nxe4 Rd4 19.Be3 Rxe4 20.Rxd3 Rxc4 21.Rd7 e5 22.f5 Re7
23.Rd5 b6 24.Rf1 h6 25.Rd8 Kf7 26.Rfd1 Rc2 27.R1d2 Rxd2
28.Bxd2 Rc7 29.Bc3 Be7 30.Rd5 Bf6 31.Kf2 e4 32.Bxf6 Kxf6
33.Ke3 Re7 34.g4 Kg5 35.h3 c4 36.a4 Kh4 37.f6 gxf6 38.Rh5+ Kg3
39.Rxh6 Re5 40.Rxf6 Kxh3 41.Rf5 Re7 42.Rf4 Kh4 43.Rxe4 Rc7
44.Kd2 a6 45.Kc3 b5 46.axb5 axb5 47.Re5 Kxg4 48.Rxb5 Kf4
49.Rb4 Ke5 50.Rxc4 Rh7 51.Rc8 Kd5 52.b3 Rh4 53.Kb2 Kd6 54.Ka3
Kd7 55.Rc2 Rh8 56.b4 Rc8 57.Rh2 Kc7 58.Rh6 Kb7 59.Ka4 Rc7
60. Ka5 Rg7 61.b5 Rf7 62.Rh5 Rf6 63.Rh7+ Kb8 64.Re7 Rh6 65.Kb4
Rg6 66.Re5 Kb7 67.Kc5 Rg7 68.Re6 Rg5+ 69.Kb4 Rg1 1/2-1/2

[Event "ch-FRA w"]
[Site "Val d'Isere FRA"]
[Date "2002.08.22"]
[EventDate "2002.08.19"]
[Round "4"]
[Result "0-1"]
[White "Anne Muller"]
[Black "Marie Sebag"]
[WhiteElo "2169"]
[BlackElo "2344"]
[PlyCount "68"]

1.e4 e5 2.Nf3 Nc6 3.Bc4 Bc5 4.c3 Nf6 5.d3 d6 6.b4 Bb6 7.a4 a5
8.b5 Ne7 9. Ba2 O-O 10.O-O Ng6 11.Nbd2 c6 12.Nc4 Bc7 13.bxc6
bxc6 14.Ba3 Re8 15.Ne3 d5 16.Qc2 h6 17.Rfd1 Be6 18.Rab1 Bd6
19.Bxd6 Qxd6 20.Rb2 Rad8 21.c4 dxe4 22. dxe4 Qc5 23.Rdb1 Nf4
24.Rb6 Nd3 25.Nd2 Nxf2 26.R6b3 N2g4 27.Nf1 Nxe3 28. Nxe3 Rd4
29.Rb8 Rxb8 30.Rxb8+ Kh7 31.Qe2 Ng4 32.Rb1 Nxe3 33.Qxe3 Rd1+
34. Kf2 Rd2+ 0-1

[Event "ch-FRA w"]
[Site "Val d'Isere FRA"]
[Date "2002.08.23"]
[EventDate "2002.08.19"]
[Round "5"]
[Result "1-0"]
[White "Marie Sebag"]
[Black "Roza (Te) Lallemand"]
[WhiteElo "2344"]
[BlackElo "2301"]
[PlyCount "61"]

1.e4 c5 2.Nf3 Nc6 3.Bb5 d6 4.d4 cxd4 5.Qxd4 Bd7 6.Bxc6 Bxc6
7.Nc3 Nf6 8. Bg5 e6 9.O-O-O Be7 10.Qd3 O-O 11.Nd4 Qa5 12.f4
Rac8 13.Kb1 a6 14.h4 Rfe8 15.f5 Bd7 16.fxe6 Bxe6 17.Nxe6 fxe6
18.Rhf1 Qb4 19.Qh3 Qc4 20.Rfe1 b5 21. Rc1 b4 22.Na4 Bd8 23.Qd3
Qc6 24.b3 d5 25.Bxf6 Bxf6 26.e5 Bxh4 27.Rh1 Qb5 28.Rxh4 Qxd3
29.cxd3 Rxc1+ 30.Kxc1 Rf8 31.Nc5 1-0

[Event "ch-FRA w"]
[Site "Val d'Isere FRA"]
[Date "2002.08.25"]
[EventDate "2002.08.19"]
[Round "7"]
[Result "1-0"]
[White "Marie Sebag"]
[Black "Marina Martsynovskaya"]
[WhiteElo "2344"]
[BlackElo "2238"]
[PlyCount "77"]

1.e4 e5 2.Nf3 Nc6 3.Bc4 g6 4.d4 exd4 5.Nxd4 Bg7 6.Nxc6 bxc6
7.O-O Ne7 8. Nc3 d6 9.Bg5 h6 10.Be3 O-O 11.Bd4 Be6 12.Bxg7
Kxg7 13.Qd4+ Kh7 14.Rad1 c5 15.Qd3 Bxc4 16.Qxc4 Rb8 17.b3 Nc6
18.Nd5 f5 19.f4 Nb4 20.e5 Kg7 21.Qc3 Kh7 22.Nf6+ Kg7 23.Nd7
Kh7 24.Nxb8 Qxb8 25.Rfe1 Rf7 26.exd6 cxd6 27.Re6 Nxa2 28.Qg3
Rg7 29.Rdxd6 Qg8 30.h4 h5 31.Qg5 Qf7 32.Rf6 Qe8 33.Rde6 Qd8
34.Rxg6 Qxg5 35.Rxg5 Rxg5 36.hxg5 Nb4 37.c4 Nd3 38.g3 h4
39.Re3 1-0

[Event "ch-FRA w"]
[Site "Val d'Isere FRA"]
[Date "2002.08.27"]
[EventDate "2002.08.19"]
[Round "8"]
[Result "0-1"]
[White "Aurelie Dacalor"]
[Black "Marie Sebag"]
[WhiteElo "2123"]
[BlackElo "2344"]
[PlyCount "58"]

1.d4 d5 2.c4 c6 3.Nc3 Nf6 4.cxd5 cxd5 5.e3 Nc6 6.Bd3 a6 7.Nf3
Bg4 8.h3 Bxf3 9.Qxf3 e5 10.dxe5 Nxe5 11.Qd1 Bc5 12.Bb1 O-O
13.O-O Qd6 14.Ne2 Nc6 15.a3 Qe5 16.Ra2 Bd6 17.f4 Qe6 18.Ng3
Bc5 19.Qd3 Rfe8 20.Rf3 Rac8 21.b3 Ba7 22.Rc2 d4 23.e4 Nxe4
24.Re2 f5 25.Nxe4 fxe4 26.Rxe4 Qxe4 27.Qxe4 d3+ 28.Qe3 Rxe3
29.Bxe3 d2 0-1

[Event "ch-FRA w"]
[Site "Val d'Isere FRA"]
[Date "2002.08.28"]
[EventDate "2002.08.19"]
[Round "9"]
[Result "1/2-1/2"]
[White "Marie Sebag"]
[Black "Christine Flear"]
[WhiteElo "2344"]
[BlackElo "2176"]
[PlyCount "35"]

1.e4 c5 2.Nf3 e6 3.c3 Nf6 4.Bd3 d5 5.e5 Nfd7 6.Bc2 Nc6 7.d4
Be7 8.h4 h6 9. h5 b6 10.Bd3 Qc7 11.a3 a5 12.Bf4 Ba6 13.Bxa6
Rxa6 14.Qd3 Ra7 15.O-O c4 16. Qe3 b5 17.Nh2 Qd8 18.Qg3 1/2-1/2

[Event "ch-FRA w"]
[Site "Val d'Isere FRA"]
[Date "2002.08.29"]
[EventDate "2002.08.19"]
[Round "10"]
[Result "1/2-1/2"]
[White "Friederike Wohlers Armas"]
[Black "Marie Sebag"]
[WhiteElo "2170"]
[BlackElo "2344"]
[PlyCount "25"]

1.d4 d5 2.c4 c6 3.cxd5 cxd5 4.Nc3 Nc6 5.Nf3 Nf6 6.Bf4 a6 7.e3
Bg4 8.Be2 e6 9.O-O Bd6 10.Bxd6 Qxd6 11.Nd2 Bxe2 12.Qxe2 O-O
13.a3 1/2-1/2

[Event "Olympiad w"]
[Site "Bled SLO"]
[Date "2002.10.26"]
[EventDate "2002.10.26"]
[Round "1"]
[Result "1-0"]
[White "Marie Sebag"]
[Black "Atousa Pourkashiyan"]
[WhiteElo "2362"]
[BlackElo "2161"]
[PlyCount "119"]

1.e4 e5 2.Nf3 Nf6 3.Nxe5 d6 4.Nf3 Nxe4 5.Qe2 Qe7 6.d3 Nf6
7.Bg5 Qxe2+ 8. Bxe2 Be7 9.O-O Nc6 10.Nbd2 h6 11.Be3 Be6 12.Nd4
Nxd4 13.Bxd4 O-O 14.Ne4 Nd7 15.f4 f5 16.Nc3 Bf6 17.Bxf6 Nxf6
18.Nb5 Bd7 19.Nd4 c5 20.Nb3 Rae8 21. Bf3 b6 22.a4 g5 23.g3 g4
24.Bg2 Re2 25.Rf2 Rfe8 26.a5 Re1+ 27.Rf1 Rxa1 28. Rxa1 Re2
29.Rc1 Bb5 30.Bf1 Re7 31.Ra1 Bc6 32.axb6 axb6 33.Ra6 Nd5 34.d4
Re1 35.Ra1 Rxa1 36.Nxa1 Ne3 37.Bd3 Be4 38.Bxe4 fxe4 39.dxc5
bxc5 40.c3 Nd1 41.b4 c4 42.b5 Nxc3 43.b6 Ne2+ 44.Kf2 Nd4
45.Ke3 Nc6 46.Kxe4 Kf7 47.Kd5 Nd8 48.Kxd6 Ke8 49.Kc7 Ne6+
50.Kc8 Nc5 51.b7 Nd7 52.b8=Q Nxb8 53.Kxb8 Kd7 54.Kb7 h5 55.Kb6
Kd6 56.Kb5 Kd5 57.Nc2 h4 58.Ne3+ Ke4 59.Nxc4 Kf3 60.Ne5+ 1-0

[Event "Olympiad w"]
[Site "Bled SLO"]
[Date "2002.10.27"]
[EventDate "2002.10.26"]
[Round "2"]
[Result "1-0"]
[White "Marie Sebag"]
[Black "Karmen Mar"]
[WhiteElo "2362"]
[BlackElo "2279"]
[PlyCount "129"]

1.e4 e5 2.Nf3 Nc6 3.d4 exd4 4.Nxd4 Bc5 5.Be3 Qf6 6.c3 Nge7
7.g3 d5 8.Bg2 dxe4 9.Nd2 Bxd4 10.cxd4 O-O 11.Nxe4 Qg6 12.Nc3
Nf5 13.O-O Rd8 14.Nd5 Nxe3 15.fxe3 Qd6 16.Nc3 Qe7 17.Qf3 Nb4
18.Rad1 c6 19.e4 Na6 20.d5 cxd5 21.exd5 Qc5+ 22.Kh1 f6 23.Ne4
Qf8 24.Qb3 Qb4 25.Qxb4 Nxb4 26.Nc5 Rd6 27.Rde1 Kf7 28.a3 Na6
29.Ne4 Rd8 30.Ng5+ Kg8 31.Ne6 Rd6 32.b4 Bd7 33.Nc5 Bb5 34.Nxb7
Bxf1 35.Nxd6 Bxg2+ 36.Kxg2 Rd8 37.Nf5 g6 38.Re6 Nc7 39.Re7
Nxd5 40.Nh6+ Kh8 41.Rxa7 Rc8 42.h4 Ne3+ 43.Kf3 Nc4 44.Nf7+ Kg8
45.Nh6+ Kh8 46.Ng4 Rf8 47.a4 f5 48.Nh6 Re8 49.Nf7+ Kg8 50.Kf2
Ne3 51.Nh6+ Kh8 52.a5 Nd1+ 53.Kg2 Re2+ 54.Kf1 Re8 55.a6 Ne3+
56.Kg1 Nd5 57.Rb7 Re1+ 58.Kf2 Ra1 59.b5 Ra2+ 60.Ke1 Ra1+
61.Kd2 Ra2+ 62.Kd3 Ra3+ 63.Kd4 Nf6 64.a7 Ra4+ 65.Ke5 1-0

[Event "Olympiad w"]
[Site "Bled SLO"]
[Date "2002.10.28"]
[EventDate "2002.10.26"]
[Round "3"]
[Result "0-1"]
[White "Meenakshi Subbaraman"]
[Black "Marie Sebag"]
[WhiteElo "2309"]
[BlackElo "2362"]
[PlyCount "96"]

1.b3 d5 2.Bb2 Bf5 3.g3 e6 4.Bg2 Nf6 5.d3 Be7 6.Nd2 h6 7.e4 Bh7
8.Qe2 O-O 9.e5 Nfd7 10.f4 c5 11.Nh3 Nc6 12.O-O Rc8 13.Kh1 b5
14.g4 Nb4 15.f5 Nxc2 16.Rac1 Nd4 17.Bxd4 cxd4 18.Nf4 Rxc1
19.Rxc1 Bg5 20.Rf1 Bxf4 21.Rxf4 Qc7 22.fxe6 fxe6 23.Rxf8+ Nxf8
24.Nf3 Qc1+ 25.Qe1 Qc2 26.Nxd4 Qxd3 27.Nc6 Qc2 28.Nd4 Qd3
29.Nc6 Ng6 30.Qf1 Qc3 31.Nd8 Qc7 32.Nxe6 Qxe5 33.Qd1 Nh4
34.Nc5 Nxg2 35.Kxg2 d4 36.b4 d3 37.Qf3 Bg6 38.Nd7 Qe8 39.Qd5+
Kh7 40.Qd6 Qe2+ 41. Kg3 Qe3+ 42.Kh4 Qf2+ 43.Kh3 d2 44.Nf8+
Qxf8 45.Qxf8 d1=Q 46.Qc5 Qf3+ 47. Kh4 Bd3 48.a3 g5+ 0-1

[Event "Olympiad w"]
[Site "Bled SLO"]
[Date "2002.10.30"]
[EventDate "2002.10.26"]
[Round "5"]
[Result "0-1"]
[White "Yudania Hernandez Estevez"]
[Black "Marie Sebag"]
[WhiteElo "2267"]
[BlackElo "2362"]
[PlyCount "80"]

1.e4 c5 2.d3 Nc6 3.g3 g6 4.Bg2 Bg7 5.f4 d6 6.Nf3 Nf6 7.O-O O-O
8.c3 b5 9. h3 a5 10.g4 Nd7 11.Be3 b4 12.Qc2 a4 13.a3 bxc3
14.bxc3 Qa5 15.Rc1 Ba6 16. Nbd2 Rac8 17.Rab1 Nd4 18.Bxd4 cxd4
19.c4 e6 20.Rb4 Nc5 21.e5 dxe5 22.fxe5 Qc7 23.Re1 Bb7 24.Nxd4
Bxe5 25.N4f3 Bg7 26.d4 Nb3 27.Nxb3 Bxf3 28.Nd2 Bxd4+ 29.Kf1
Bc6 30.Bxc6 Qh2 31.Bg2 Qg1+ 32.Ke2 Qxg2+ 33.Kd1 Rfd8 34.Kc1
Qxh3 35.Nb1 Bc5 36.Rxa4 Rb8 37.Rd1 Be3+ 38.Nd2 Rxd2 39.Rxd2
Qf1+ 40.Qd1 Bxd2+ 0-1

[Event "Olympiad w"]
[Site "Bled SLO"]
[Date "2002.10.31"]
[EventDate "2002.10.26"]
[Round "6"]
[Result "0-1"]
[White "Olga Sikorova"]
[Black "Marie Sebag"]
[WhiteElo "2292"]
[BlackElo "2362"]
[PlyCount "90"]

1.e4 c5 2.Nf3 d6 3.d4 cxd4 4.Nxd4 Nf6 5.Nc3 a6 6.Be3 e5 7.Nb3
Be6 8.Qd2 Nbd7 9.f3 b5 10.O-O-O Nb6 11.Qf2 Nc4 12.Bxc4 bxc4
13.Nd2 Rb8 14.Qe2 Qc7 15.g4 Be7 16.g5 Nh5 17.Nd5 Bxd5 18.exd5
c3 19.bxc3 Qxc3 20.Nb3 Rc8 21.Rd2 O-O 22.f4 Rfe8 23.Rd3 Qc4
24.fxe5 dxe5 25.Kb1 Nf4 26.Bxf4 exf4 27.Qd2 Bxg5 28.Rd4 Qc7
29.d6 Qd7 30.Rd5 Bh6 31.Qd3 Rc6 32.Rd1 g6 33.c4 Bg7 34.c5 Re3
35.Qd2 Rc8 36.Rc1 Qb5 37.Qd1 Qc6 38.Qd2 a5 39.d7 Rd8 40.Rd6
Qe4+ 41.Qc2 Qe5 42.Nd4 h5 43.Rd1 f3 44.a4 Re2 45.Rd5 Rb8+ 0-1

[Event "Olympiad, women"]
[Site "Bled SLO"]
[Date "2002.11.01"]
[EventDate "2002.10.26"]
[Round "7"]
[Result "0-1"]
[White "Marie Sebag"]
[Black "Yuhua Xu"]
[WhiteElo "2362"]
[BlackElo "2473"]
[PlyCount "88"]

1. e4 c5 2. Nf3 d6 3. d4 cxd4 4. Nxd4 Nf6 5. Nc3 a6 6. Be2 e5
7. Nb3 Be7 8. Be3 Be6 9. Nd5 Nbd7 10. Qd3 O-O 11. c4 b5
12. cxb5 axb5 13. Bf3 Bxd5 14. exd5 e4 15. Bxe4 Ne5 16. Qb1
Nxe4 17. Qxe4 f5 18. Qc2 f4 19. Bd4 f3 20. O-O Rf4 21. Bxe5
dxe5 22. Rfd1 Bd6 23. Nd2 Qg5 24. g3 Raf8 25. Kh1 Qg4 26. Re1
R8f6 27. Rg1 Rh6 28. Nf1 Rc4 29. Qb3 Rb4 30. Qc3 e4 31. b3 e3
32. Qxe3 Re4 33. Qd3 Re2 34. Rc1 Rxf2 35. Rc2 Rxc2 36. Qxc2
Qd4 37. Nd2 Qf2 38. Qc8+ Bf8 39. Nf1 Qxa2 40. h4 Qxb3 41. Qa8
Rd6 42. Nh2 f2 43. Rf1 Qxg3 44. Qe8 Rg6 0-1

[Event "Olympiad w"]
[Site "Bled SLO"]
[Date "2002.11.02"]
[EventDate "2002.10.26"]
[Round "8"]
[Result "1/2-1/2"]
[White "Marie Sebag"]
[Black "Sulennis Pina Vega"]
[WhiteElo "2362"]
[BlackElo "2316"]
[PlyCount "67"]

1.e4 c5 2.Nf3 d6 3.d4 cxd4 4.Nxd4 Nf6 5.Nc3 Nc6 6.Bg5 e6 7.Qd2
a6 8.O-O-O h6 9.Nxc6 bxc6 10.Bf4 d5 11.Qe3 Be7 12.Be2 O-O
13.h4 Nd7 14.Qg3 Kh8 15.Bc7 Qe8 16.Rhe1 Bb7 17.Bf3 Rc8 18.Bd6
Bxd6 19.Qxd6 Qd8 20.Na4 Qc7 21.Qxc7 Rxc7 22.c4 Nf6 23.Nc5 Rb8
24.Re2 e5 25.Nd3 Nd7 26.exd5 cxd5 27.Nxe5 Nxe5 28. Rxe5 Rxc4+
29.Kb1 Rxh4 30.Re7 Rf4 31.Rc1 a5 32.Rc5 Ba6 33.Rxa5 Bd3+
34.Kc1 1/2-1/2

[Event "Olympiad w"]
[Site "Bled SLO"]
[Date "2002.11.04"]
[EventDate "2002.10.26"]
[Round "9"]
[Result "1/2-1/2"]
[White "Batkhuyag Munguntuul"]
[Black "Marie Sebag"]
[WhiteElo "2375"]
[BlackElo "2362"]
[PlyCount "161"]

1.e4 e5 2.Nf3 Nc6 3.Bb5 a6 4.Ba4 Nf6 5.O-O b5 6.Bb3 Bc5 7.Nxe5
Nxe5 8.d4 Bxd4 9.Qxd4 d6 10.c3 h6 11.a4 Bb7 12.f3 O-O 13.Be3
Qe7 14.Na3 c5 15.Qd2 Bc6 16.axb5 axb5 17.Rad1 Rfd8 18.Qf2 Ng6
19.Rfe1 Rab8 20.Nc2 Bd7 21.Qg3 Be6 22.Bxe6 Qxe6 23.Re2 Rbc8
24.Qf2 Ne5 25.Bf4 Ng6 26.Bg3 Ne5 27.Ne3 c4 28.Bxe5 dxe5
29.Red2 Rxd2 30.Qxd2 Qb6 31.Kf1 Ra8 32.Nf5 Ra2 33.Qd8+ Qxd8
34.Rxd8+ Kh7 35.Nd6 Rxb2 36.Nxf7 Rc2 37.Rh8+ Kg6 38.Nxe5+ Kg5
39.Rb8 Rxc3 40.Rxb5 Kf4 41.Rc5 Rc1+ 42.Kf2 Rc2+ 43.Kf1 Rc1+
44.Kf2 Rc2+ 45.Kf1 c3 46. Nc4 g6 47.Na3 Ra2 48.Rxc3 Ke5 49.Rd3
Ra1+ 50.Kf2 Ra2+ 51.Kf1 Ra1+ 52.Ke2 Ra2+ 53.Ke3 Rxg2 54.Nc4+
Ke6 55.Rd2 Rg1 56.Ra2 Re1+ 57.Kd4 Rd1+ 58.Nd2 Nh5 59.Ra6+ Kf7
60.Ke3 Re1+ 61.Kf2 Rc1 62.e5 Rc5 63.f4 g5 64.fxg5 hxg5 65.Nf3
Kg7 66.h3 Nf4 67.Kg3 Nd3 68.Re6 Kf7 69.Nxg5+ Kg7 70.Nf3 Kf7
71.Rf6+ Ke7 72.Rf5 Ke6 73.Kg4 Nf2+ 74.Kg5 Nxh3+ 75.Kg6 Rc4
76.Rf6+ Ke7 77.e6 Rg4+ 78. Kh5 Rg3 79.Rf5 Kxe6 80.Nd4+ Kd6
81.Kh4 1/2-1/2

[Event "Olympiad w"]
[Site "Bled SLO"]
[Date "2002.11.05"]
[EventDate "2002.10.26"]
[Round "10"]
[Result "0-1"]
[White "Marie Sebag"]
[Black "Elisabeth Paehtz"]
[WhiteElo "2362"]
[BlackElo "2349"]
[PlyCount "74"]

1.e4 c5 2.Nf3 d6 3.d4 cxd4 4.Nxd4 Nf6 5.Nc3 a6 6.Be2 e5 7.Nb3
Be7 8.Be3 Be6 9.Nd5 Nxd5 10.exd5 Bf5 11.Qd2 O-O 12.c4 a5 13.a4
Nd7 14.O-O Bg6 15.Kh1 Re8 16.Rac1 b6 17.f4 exf4 18.Bxf4 Bf6
19.Rce1 Be5 20.Bg5 Qc7 21.Nd4 Nc5 22.Qd1 h6 23.Nb5 Qd7 24.Bf4
Bxf4 25.Rxf4 Re5 26.Nc3 Rae8 27.Ref1 Qe7 28. R4f2 Re3 29.h3
Qe5 30.Kg1 Re7 31.Kh1 Be4 32.Bg4 Bd3 33.Rg1 f5 34.Bh5 Bxc4
35.Bg6 Qg3 36.Rxf5 Qxg6 37.Rf4 Nd3 0-1

[Event "Olympiad w"]
[Site "Bled SLO"]
[Date "2002.11.06"]
[EventDate "2002.10.26"]
[Round "11"]
[Result "1-0"]
[White "Iroda Khamrakulova"]
[Black "Marie Sebag"]
[WhiteElo "2214"]
[BlackElo "2362"]
[PlyCount "97"]

1.e4 e5 2.Nf3 Nc6 3.Nc3 Nf6 4.d3 h6 5.Nd5 d6 6.Be2 Nxd5 7.exd5
Ne7 8.c4 g6 9.Bd2 Bg7 10.Qc1 f5 11.h4 f4 12.Qc2 c6 13.dxc6
bxc6 14.d4 c5 15.dxe5 dxe5 16.O-O-O Qc7 17.Bc3 O-O 18.Bd3 Nf5
19.Rde1 Nd4 20.Bxd4 cxd4 21.Bxg6 Qc5 22.Be4 Rb8 23.Bd5+ Kh8
24.Nxe5 Bf5 25.Nd3 Qa5 26.a3 Rfc8 27.Be6 Qa6 28. Bxc8 Rxc8
29.b3 Qxa3+ 30.Kd2 Rb8 31.Ra1 Qxb3 32.Rhb1 Qc3+ 33.Qxc3 dxc3+
34.Kc2 Bxd3+ 35.Kxd3 Rd8+ 36.Kc2 Rd2+ 37.Kc1 Bd4 38.Rb8+ Kg7
39.Rd8 Kf6 40.Ra6+ Ke7 41.Rd5 h5 42.c5 Bxf2 43.Rxa7+ Ke6
44.Rxd2 cxd2+ 45.Kxd2 Bxh4 46.Rh7 f3 47.gxf3 Bg5+ 48.Ke2 h4
49.c6 1-0

[Event "Olympiad w"]
[Site "Bled SLO"]
[Date "2002.11.08"]
[EventDate "2002.10.26"]
[Round "13"]
[Result "0-1"]
[White "Marie Sebag"]
[Black "Svetlana Prudnikova"]
[WhiteElo "2362"]
[BlackElo "2407"]
[PlyCount "123"]

1.e4 c5 2.Nf3 e6 3.d4 cxd4 4.Nxd4 Nc6 5.Nxc6 bxc6 6.Bd3 d5
7.O-O Nf6 8.Nd2 Be7 9.b3 O-O 10.Bb2 a5 11.Qe2 Qb6 12.Kh1 Ba6
13.c4 a4 14.Rab1 axb3 15.axb3 dxc4 16.Nxc4 Bxc4 17.Bxc4 Ra2
18.Ra1 Raa8 19.f4 Rfe8 20.Qf3 Rxa1 21.Bxa1 Bf8 22.f5 e5 23.g4
h6 24.h4 Nh7 25.Qg3 Qd8 26.Bc3 Be7 27.g5 hxg5 28.Bxe5 Bf6
29.Bxf6 Qxf6 30.Re1 gxh4 31.Qf4 Qc3 32.Re3 Qc1+ 33.Kh2 Nf6
34.Kg2 Qd2+ 35.Kh3 Qd4 36.Kxh4 Rxe4 37.Rxe4 Qxe4 38.Qxe4 Nxe4
39.Kg4 Nd2 40.Ba6 Nxb3 41.Kf4 Kf8 42.Ke5 Ke7 43.Bc4 Nc5 44.f6+
gxf6+ 45.Kf5 Nb7 46.Ba2 Nd6+ 47. Kf4 Kd7 48.Ke3 c5 49.Bd5 Kc7
50.Kd3 Kb6 51.Kc3 Kb5 52.Bf3 f5 53.Be2+ Kc6 54.Bf3+ Kd7 55.Bd5
Ke7 56.Kd3 Kf6 57.Ke3 Ke5 58.Ba2 c4 59.Bb1 Nb5 60.Ba2 Na3
61.Kf3 f4 62.Kg4 0-1

[Event "WYg18"]
[Site "Heraklio GRE"]
[Date "2002.11.15"]
[EventDate "2002.11.15"]
[Round "1"]
[Result "1-0"]
[White "Marie Sebag"]
[Black "Aleksandra Dimovski"]
[WhiteElo "2362"]
[BlackElo "2100"]
[PlyCount "50"]

1.e4 e5 2.Nf3 Nc6 3.Bc4 Bc5 4.c3 Nf6 5.d3 d6 6.Nbd2 Qe7 7.b4
Bb6 8.a4 a5 9.b5 Nd8 10.Qb3 Be6 11.Bxe6 Nxe6 12.Nc4 Nd7 13.O-O
g5 14.Be3 Nf4 15.d4 g4 16.Nfd2 Rg8 17.g3 Nh3+ 18.Kg2 h5 19.f4
exd4 20.cxd4 Nf6 21.Nxb6 cxb6 22. Qc2 h4 23.e5 Nh5 24.Qh7 Qf8
25.Qxh5 Rh8 1-0

[Event "WYg18"]
[Site "Heraklio GRE"]
[Date "2002.11.16"]
[EventDate "2002.11.15"]
[Round "2"]
[Result "0-1"]
[White "Camelia-Adriana Ciobanu"]
[Black "Marie Sebag"]
[WhiteElo "2214"]
[BlackElo "2362"]
[PlyCount "67"]

1.e4 c5 2.Nf3 d6 3.d4 cxd4 4.Nxd4 Nf6 5.f3 e6 6.c4 Be7 7.Nc3
O-O 8.Be3 b6 9.Be2 Bb7 10.Qd2 a6 11.O-O Nbd7 12.Rfd1 Re8
13.Bf1 Rc8 14.Rac1 Qc7 15.b3 Qb8 16.Qf2 Qa8 17.g3 Rcd8 18.Bh3
Bf8 19.g4 Ne5 20.g5 Nfd7 21.f4 Ng6 22. Nde2 Nc5 23.Ng3 Nxe4
24.Ngxe4 Bxe4 25.Bxb6 Rc8 26.Nxe4 Qxe4 27.Be3 Nh4 28. Bg4 Nf5
29.Bb6 Qc6 30.Bf3 d5 31.c5 Ne7 32.a4 Nf5 33.a5 Ne7 34.f5 0-1

[Event "WYg18"]
[Site "Heraklio GRE"]
[Date "2002.11.17"]
[EventDate "2002.11.15"]
[Round "3"]
[Result "1/2-1/2"]
[White "Marie Sebag"]
[Black "Oksana Vozovic"]
[WhiteElo "2362"]
[BlackElo "2302"]
[PlyCount "85"]

1.e4 d6 2.d4 Nf6 3.Nc3 g6 4.f4 Bg7 5.Nf3 O-O 6.a3 c5 7.dxc5
dxc5 8.Qxd8 Rxd8 9.e5 Ne8 10.Bd3 Nc6 11.Be3 b6 12.O-O-O Bb7
13.Be4 Nc7 14.g4 f5 15. exf6 Bxf6 16.f5 Bxc3 17.bxc3 Na5
18.Bxb7 Nxb7 19.Bg5 Nd5 20.Rhe1 gxf5 21. gxf5 Nxc3 22.Rxd8+
Nxd8 23.Bxe7 Nd5 24.Bxd8 Rxd8 25.Rd1 c4 26.Ne5 c3 27.f6 Kf8
28.h4 a5 29.a4 Ke8 30.f7+ Kf8 31.h5 Rd6 32.Rd3 Ke7 33.Kd1 Kf8
34.Ke1 Ke7 35.Rd4 Kf8 36.Ke2 Ke7 37.h6 Kf8 38.Kd3 Nf4+ 39.Ke4
Rxd4+ 40.Kxd4 Ne6+ 41.Kxc3 Nc5 42.Kc4 Nxa4 43.Kb5 1/2-1/2

[Event "WYg18"]
[Site "Heraklio GRE"]
[Date "2002.11.17"]
[EventDate "2002.11.15"]
[Round "4"]
[Result "1/2-1/2"]
[White "Evgenia Meshcheriakova"]
[Black "Marie Sebag"]
[WhiteElo "2288"]
[BlackElo "2362"]
[PlyCount "88"]

1.e4 e5 2.Nf3 Nc6 3.Bb5 a6 4.Ba4 Nf6 5.d3 b5 6.Bb3 Bc5 7.a4
Rb8 8.axb5 axb5 9.Nc3 h6 10.Be3 Bxe3 11.fxe3 d6 12.O-O O-O
13.Qe1 Be6 14.Nd5 Bxd5 15. Bxd5 Nxd5 16.exd5 Ne7 17.e4 c6
18.dxc6 Qb6+ 19.Qf2 Qxc6 20.Ra7 Ng6 21.Rfa1 Ra8 22.Ne1 Nf4
23.Rxa8 Rxa8 24.Rxa8+ Qxa8 25.Kf1 Qa1 26.Qb6 Qd1 27.Qe3 Ne6
28.c3 Qb3 29.Qe2 Nc5 30.d4 Ne6 31.Nf3 Nf4 32.Qd2 Qa2 33.dxe5
dxe5 34.Nxe5 Qb1+ 35.Kf2 Qxe4 36.Nf3 g5 37.Ne1 Kh7 38.Qc2 Qg6
39.Qxg6+ Kxg6 40.Ke3 Kf5 41.b3 h5 42.c4 bxc4 43.bxc4 h4 44.c5
Ne6 1/2-1/2

[Event "WYg18"]
[Site "Heraklio GRE"]
[Date "2002.11.18"]
[EventDate "2002.11.15"]
[Round "5"]
[Result "1-0"]
[White "Marie Sebag"]
[Black "Sopiko Khukhashvili"]
[WhiteElo "2362"]
[BlackElo "2324"]
[PlyCount "63"]

1.e4 e6 2.d4 d5 3.Nd2 dxe4 4.Nxe4 Nd7 5.Bd3 Ngf6 6.Qe2 c5
7.Nxf6+ Nxf6 8. dxc5 Bxc5 9.Bd2 O-O 10.O-O-O Qd5 11.Kb1 e5
12.Bc3 Qxg2 13.Qxe5 Bxf2 14.Ne2 Bg4 15.Nf4 Qc6 16.Nd5 Kh8
17.Nxf6 Qxf6 18.Qxf6 gxf6 19.Rdg1 Bxg1 20.Rxg1 Rfe8 21.Bxf6+
Kg8 22.Rxg4+ Kf8 23.Bc3 Ke7 24.Bxh7 Rad8 25.b3 Rd1+ 26.Kb2 Kd7
27.Bf5+ Kc6 28.Rc4+ Kd6 29.Bb4+ Kd5 30.Rc7 Rh1 31.Rxf7 Rxh2
32.Rxb7 1-0

[Event "WYg18"]
[Site "Heraklio GRE"]
[Date "2002.11.19"]
[EventDate "2002.11.15"]
[Round "6"]
[Result "1/2-1/2"]
[White "Elisabeth Paehtz"]
[Black "Marie Sebag"]
[WhiteElo "2349"]
[BlackElo "2362"]
[PlyCount "108"]

1.e4 c5 2.Nf3 d6 3.d4 cxd4 4.Nxd4 Nf6 5.Nc3 a6 6.f3 e6 7.Be3
Be7 8.Qd2 Nc6 9.O-O-O O-O 10.g4 Nxd4 11.Bxd4 b5 12.Kb1 Nd7
13.h4 Nc5 14.g5 b4 15.Ne2 a5 16.Ng3 Qb6 17.Bf6 Re8 18.Bxe7
Rxe7 19.g6 fxg6 20.h5 Rf7 21.hxg6 hxg6 22. Bg2 a4 23.Qxd6 Qxd6
24.Rxd6 b3 25.Rd8+ Rf8 26.Rh8+ Kxh8 27.Rxf8+ Kh7 28. cxb3 axb3
29.a3 e5 30.Re8 Bb7 31.Rxa8 Bxa8 32.Kc1 Nd3+ 33.Kd2 Nxb2
34.Kc3 Nd1+ 35.Kxb3 Kh6 36.Bh3 Kg5 37.Ne2 Bb7 38.Kc2 Ne3+
39.Kd3 Nd1 40.Kd2 Nb2 41.Kc3 Ba6 42.Kxb2 Bxe2 43.Bg4 Kf6
44.Kc3 Ke7 45.Kd2 Bf1 46.Ke1 Ba6 47.Bh3 Kd6 48.Bf1 Bc8 49.Kf2
g5 50.Kg3 g4 51.f4 exf4+ 52.Kxf4 g5+ 53.Kg3 Ke5 54. Be2 Kxe4
1/2-1/2

[Event "WYg18"]
[Site "Heraklio GRE"]
[Date "2002.11.21"]
[EventDate "2002.11.15"]
[Round "7"]
[Result "0-1"]
[White "Natalia Pogonina"]
[Black "Marie Sebag"]
[WhiteElo "2397"]
[BlackElo "2362"]
[PlyCount "68"]

1.e4 c5 2.Nf3 d6 3.d4 cxd4 4.Nxd4 Nf6 5.Nc3 a6 6.Be2 e5 7.Nb3
Be7 8.O-O O-O 9.Kh1 b6 10.f4 Bb7 11.Bf3 Nbd7 12.Qe2 Re8 13.f5
b5 14.a3 Nb6 15.Bg5 Nc4 16.a4 Qb6 17.Nd2 Rac8 18.Nxc4 Rxc4
19.axb5 axb5 20.Be3 Qc6 21.Qd3 Qc8 22.Nxb5 d5 23.b3 Rd4 24.Qc3
Rb4 25.Qxc8 Rxc8 26.Na3 Nxe4 27.Rfe1 Nc3 28.g3 e4 29.Bg2 Bf6
30.Bf1 d4 31.Bf4 d3 32.Bg2 Nd5 33.Ra2 Nxf4 34.gxf4 d2 0-1

[Event "WYg18"]
[Site "Heraklio GRE"]
[Date "2002.11.21"]
[EventDate "2002.11.15"]
[Round "8"]
[Result "1/2-1/2"]
[White "Marie Sebag"]
[Black "Katerina Rohonyan"]
[WhiteElo "2362"]
[BlackElo "2320"]
[PlyCount "120"]

1.e4 c5 2.Nf3 Nc6 3.Bb5 g6 4.c3 Bg7 5.d4 Qb6 6.a4 cxd4 7.O-O
d3 8.Na3 Nf6 9.Qxd3 O-O 10.Nc4 Qc7 11.Bg5 a6 12.Bxc6 dxc6
13.Be3 c5 14.a5 Bg4 15.Bg5 Rad8 16.Qe3 Bd7 17.Nb6 Bc6 18.Bf4
e5 19.Nxe5 g5 20.Bg3 Nxe4 21.Nec4 Nxg3 22.fxg3 h6 23.Qxc5 Rde8
24.Rae1 Qd8 25.Nd6 Rxe1 26.Rxe1 Qf6 27.Nf5 Kh7 28. Nd4 Re8
29.Rf1 Qe7 30.Qf5+ Kg8 31.Nxc6 bxc6 32.Nd7 Qe6 33.Nf6+ Bxf6
34. Qxf6 c5 35.Qxe6 fxe6 36.Rd1 Rb8 37.Rd6 Rxb2 38.Rxa6 Kf7
39.Ra7+ Kf6 40.Rc7 Rb5 41.a6 Ra5 42.a7 Ra2 43.c4 Ke5 44.Rxc5+
Kd6 45.Rc8 Rxa7 46.Rh8 Rc7 47. Rxh6 Rxc4 48.Rg6 Rc5 49.h4 Ke7
50.h5 g4 51.h6 Rh5 52.Rxg4 Rxh6 53.Rf4 e5 54.Rf3 Ke6 55.Kf2
Rg6 56.Rf8 Rf6+ 57.Rxf6+ Kxf6 58.Kf3 Kg5 59.Ke4 Kg4 60. Kxe5
Kxg3 1/2-1/2

[Event "WYg18"]
[Site "Heraklio GRE"]
[Date "2002.11.22"]
[EventDate "2002.11.15"]
[Round "9"]
[Result "1-0"]
[White "Tamari Tsereteli"]
[Black "Marie Sebag"]
[WhiteElo "2316"]
[BlackElo "2362"]
[PlyCount "115"]

1.e4 c5 2.Nf3 d6 3.d4 cxd4 4.Nxd4 Nf6 5.Nc3 a6 6.h3 e6 7.g4 d5
8.exd5 Nxd5 9.Nde2 Qa5 10.Bg2 Nxc3 11.Nxc3 Be7 12.Bd2 Qc7
13.Qf3 Qe5+ 14.Qe2 Qxe2+ 15. Nxe2 Nc6 16.O-O-O Bd7 17.Bc3 Rg8
18.Ng3 O-O-O 19.Nh5 e5 20.Rhe1 Bg5+ 21. Bd2 Bxd2+ 22.Rxd2 Rde8
23.Be4 h6 24.Red1 Nb8 25.Bh7 Rh8 26.Nxg7 Rd8 27.Bf5 h5
28.Bxd7+ Nxd7 29.Nxh5 f5 30.c4 e4 31.b3 fxg4 32.hxg4 Ne5
33.Rxd8+ Rxd8 34.Rxd8+ Kxd8 35.Nf6 Ke7 36.Nxe4 Nxg4 37.Kd2 Ke6
38.f3 Ne5 39.f4 Nc6 40. Nc5+ Kf5 41.Ke3 Na5 42.Ne4 b6 43.Nc3
Nc6 44.Nd5 b5 45.cxb5 axb5 46.b4 Nd8 47.Nc7 Nc6 48.a3 Na7
49.Kf3 Kf6 50.Ke4 Ke7 51.f5 Kd7 52.Ne6 Nc8 53.Nd4 Nd6+ 54.Kd5
Ke7 55.Kc6 Nc4 56.Nxb5 Kf6 57.Kc5 Ne5 58.Nd4 1-0